BIBLIOTECA

SENCICO

Geodesia y topografía adaptado al Programa de la Armada para el curso de Oficiales Especialistas en Hidrografía / (Registro nro. 587)

Detalles MARC
000 -LEADER
fixed length control field 00781nam a2200229Ia 4500
003 - CONTROL NUMBER IDENTIFIER
control field PE SENCICO BE
005 - DATE AND TIME OF LATEST TRANSACTION
control field 20251020182442.0
008 - FIXED-LENGTH DATA ELEMENTS--GENERAL INFORMATION
fixed length control field 200515s9999 xx d 000 0 und d
020 ## - INTERNATIONAL STANDARD BOOK NUMBER
International Standard Book Number 84-611-2412-X
040 ## - CATALOGING SOURCE
Original cataloging agency PE SENCICO BE
Transcribing agency PE SENCICO BE
041 ## - LANGUAGE CODE
Language code of text/sound track or separate title spa
082 ## - DEWEY DECIMAL CLASSIFICATION NUMBER
Classification number 528.85
Item number M85
100 1# - MAIN ENTRY--PERSONAL NAME
Personal name Millán Gamboa, José Manuel
245 10 - TITLE STATEMENT
Title Geodesia y topografía adaptado al Programa de la Armada para el curso de Oficiales Especialistas en Hidrografía /
Statement of responsibility, etc. José Manuel Millán Gamboa
260 ## - PUBLICATION, DISTRIBUTION, ETC.
Place of publication, distribution, etc. [Cádiz]:
Name of publisher, distributor, etc. JME Ediciones,
Date of publication, distribution, etc. 2006.
300 ## - PHYSICAL DESCRIPTION
Extent 395 p.:
Other physical details il., tbl., graf., fot.
Dimensions 25 cm.
504 ## - BIBLIOGRAPHY, ETC. NOTE
Bibliography, etc. note Bibliografía: p. 393-395.
650 10 - SUBJECT ADDED ENTRY--TOPICAL TERM
Topical term or geographic name entry element Geodesia
9 (RLIN) 2
650 20 - SUBJECT ADDED ENTRY--TOPICAL TERM
Topical term or geographic name entry element Topografía
9 (RLIN) 4
942 ## - ADDED ENTRY ELEMENTS (KOHA)
Koha item type Libros
Source of classification or shelving scheme Dewey Decimal Classification
Classification part 528.85
Item part M58
Existencias
Fecha de la última vez que lo usaron Pago total Signatura topográfica completa Código de barras Precio efectivo desde Tipo de documento Estado perdido Estado dañado No es para préstamo Retirado Ubicación permanente Ubicación actual Fecha de adquisición
15/05/2020   528.85/M58 Bib-Lima15050587 15/05/2020 Libros         Biblioteca Central Lima Biblioteca Central Lima 15/05/2020